• 首页
  • 本馆介绍
  • 公告通知
  • 最新文献
  • 馆藏检索
  • 电子资源
  • 读者导购
  • 参考咨询
  • 我的图书馆
  • 登录
  • 详细信息显示
  • 放入我的书架
  • 预约/预借图书
  • 作者相关作品
  • 分类相关作品
  • 丛书相关作品
  • 出版社相关作品

书目信息

  • 表格格式
  • 工作单格式
  • 卡片格式
题名:
车辆制动
    
 
作者: 宇善良 主编
分册:  
出版信息: 北京   中国铁道出版社  2016
页数: 225页
开本: 26cm
丛书名:
单 册:
中图分类: U270.35 , U27
科图分类:
主题词: 铁路车辆--制动--高等学校--教材
电子资源:
ISBN: 978-7-113-22136-2
000 00868nam0 2200265 450
001 2338891189
005 20231130104840.03
010    @a978-7-113-22136-2@dCNY32.00
090    @aU27@bysl
096    @aU27@bysl
100    @a20161010d2016 em y0chiy0120 ea
101 0  @achi
102    @aCN@b110000
105    @aa z 000yy
200 1  @a车辆制动@9che liang zhi dong@f宇善良主编
210    @a北京@c中国铁道出版社@d2016
215    @a225页@c图@d26cm
300    @a高等学校教材
330    @a本书参考目前车辆制动技术相关资料,介绍了车辆制动基础知识、车辆空气制动机、动车组制动系统、城市轨道车辆制动系统、制动性能试验、列车制动计算、车辆制动技术及应用等内容。
606 0  @a铁路车辆@x制动@x高等学校@j教材
690    @aU270.35@v5
690    @aU27@v4
701  0 @a宇善良@9yu shan liang@c(动车修复)@4主编
801  2 @aCN@b58marc.cn@c20170707
905    @aBZT@dU27@e7
    
    车辆制动/宇善良主编.-北京:中国铁道出版社,2016
    225页:图;26cm
    高等学校教材
    
    ISBN 978-7-113-22136-2:CNY32.00
    本书参考目前车辆制动技术相关资料,介绍了车辆制动基础知识、车辆空气制动机、动车组制动系统、城市轨道车辆制动系统、制动性能试验、列车制动计算、车辆制动技术及应用等内容。
●
相关链接 在五车中查询图书 在当当中查询图书 在豆瓣中查询图书


正题名:车辆制动     索取号:U27/7         预约/预借

序号 登录号 条形码 馆藏地/架位号 状态 备注
1 2001239454   2001239454   中教(第二批第二书库)/山东中教(第二批)/2516/ [索取号:U27/7] 在馆    
2 2001239455   2001239455   中教(第二批第二书库)/山东中教(第二批)/2516/ [索取号:U27/7] 在馆    
3 2001239456   2001239456   中教(第二批第二书库)/山东中教(第二批)/2516/ [索取号:U27/7] 在馆    
4 2001239457   2001239457   中教(第二批第二书库)/山东中教(第二批)/2516/ [索取号:U27/7] 在馆    
5 2001239458   2001239458   中教(第二批第二书库)/山东中教(第二批)/2516/ [索取号:U27/7] 在馆    
6 2001239459   2001239459   中教(第二批第二书库)/山东中教(第二批)/2516/ [索取号:U27/7] 在馆    
7 2001239460   2001239460   中教(第二批第二书库)/山东中教(第二批)/2516/ [索取号:U27/7] 在馆    
8 2001239461   2001239461   中教(第二批第二书库)/山东中教(第二批)/2516/ [索取号:U27/7] 在馆    
9 2001239462   2001239462   中教(第二批第二书库)/山东中教(第二批)/2516/ [索取号:U27/7] 在馆    
10 2001239463   2001239463   中教(第二批第二书库)/山东中教(第二批)/2516/ [索取号:U27/7] 在馆    
11 2001239464   2001239464   中教(第二批第二书库)/山东中教(第二批)/2516/ [索取号:U27/7] 在馆    
12 2001239465   2001239465   中教(第二批第二书库)/山东中教(第二批)/2516/ [索取号:U27/7] 在馆    
13 2001239466   2001239466   中教(第二批第二书库)/山东中教(第二批)/2516/ [索取号:U27/7] 在馆    
14 2001239467   2001239467   中教(第二批第二书库)/山东中教(第二批)/2516/ [索取号:U27/7] 在馆    
15 2001239468   2001239468   中教(第二批第二书库)/山东中教(第二批)/2516/ [索取号:U27/7] 在馆    
16 2001239469   2001239469   中教(第二批第二书库)/山东中教(第二批)/2516/ [索取号:U27/7] 在馆    
17 2001239470   2001239470   中教(第二批第二书库)/山东中教(第二批)/2516/ [索取号:U27/7] 在馆    
18 2001239471   2001239471   中教(第二批第二书库)/山东中教(第二批)/2516/ [索取号:U27/7] 在馆    
19 2001239472   2001239472   中教(第二批第二书库)/山东中教(第二批)/2516/ [索取号:U27/7] 在馆    
20 2001239473   2001239473   中教(第二批第二书库)/山东中教(第二批)/2516/ [索取号:U27/7] 在馆    
21 2001239474   2001239474   中教(第二批第二书库)/山东中教(第二批)/2516/ [索取号:U27/7] 在馆    
22 2001239475   2001239475   中教(第二批第二书库)/山东中教(第二批)/2516/ [索取号:U27/7] 在馆    
23 2001239476   2001239476   中教(第二批第二书库)/山东中教(第二批)/2516/ [索取号:U27/7] 在馆    
24 2001239477   2001239477   中教(第二批第二书库)/山东中教(第二批)/2516/ [索取号:U27/7] 在馆    
25 2001239478   2001239478   中教(第二批第二书库)/山东中教(第二批)/2516/ [索取号:U27/7] 在馆    
26 2001239479   2001239479   中教(第二批第二书库)/山东中教(第二批)/2516/ [索取号:U27/7] 在馆    
27 2001239480   2001239480   中教(第二批第二书库)/山东中教(第二批)/2516/ [索取号:U27/7] 在馆    
28 2001239481   2001239481   中教(第二批第二书库)/山东中教(第二批)/2516/ [索取号:U27/7] 在馆    
29 2001239482   2001239482   中教(第二批第二书库)/山东中教(第二批)/2516/ [索取号:U27/7] 在馆    
30 2001239483   2001239483   中教(第二批第二书库)/山东中教(第二批)/2516/ [索取号:U27/7] 在馆    
山东省滨州职业学院图书馆 欢迎您!
大连网信软件有限公司© 版权所有